| 000 | 01127cam a2200253 4500 | ||
|---|---|---|---|
| 001 | ABS64953 | ||
| 008 | 011220n2001 000 0 eng u | ||
| 035 | _a(Sirsi) u116086 | ||
| 100 | _aRodrigues, M | ||
| 245 | _aGet the REIT response | ||
| 260 | _c2001 | ||
| 490 |
_aEstates Gazette _v(0148) 1 December 2001, 125(1) |
||
| 520 | _aExamines the Law Commission's consultation paper which suggest reforming the Limited Partnerships (LPs) Act 1907 which governs UK-registered limited partnerships. The LPs are featured particularly in areas of UK business activity as a vehicle for areas such as private equity funds and property investment. Government is concerned about the tax exempt status of these funds which could possibly lead to distortions and tax loss in the market. | ||
| 590 | _aABS | ||
| 650 | _aLIMITED PARTNERSHIPS ACT 1907 | ||
| 650 | _aLIMITED PARTNERSHIPS | ||
| 650 | _aPROPERTY INVESTMENT | ||
| 650 | _aTAXATION | ||
| 650 | _aPROPERTY SECURITISATION | ||
| 650 |
_aFACILITIES MANAGEMENT _96240 |
||
| 650 | _aMANAGEMENT-BUSINESS MANAGEMENT | ||
| 690 |
_aPROPERTY MANAGEMENT _96262 |
||
| 942 | _n0 | ||
| 999 |
_c69151 _d69151 |
||